000 00524nam a2200193Ia 4500
005 20250508151814.0
008 008 250505s9999 xx 000 0 eng d
037 _aBooks to be hide in OPAC
040 _aFEDL
_beng
_cFEDL
041 _aeng
_2eng
084 _qFEDL
100 _aBhattacharya Bijay
_9760019
245 0 _aShiksha 'o' manovigyan (Bangali)
260 _aCalcutta, India
_bA. Mukherjee & Co. Pvt. Ltd.
_c1360
300 _a436p.
546 _aweeded out
942 _cHB
999 _c1332231
_d1332231